| 000 | 00354nam a22001457a 4500 | ||
|---|---|---|---|
| 999 |
_c15550 _d15550 |
||
| 003 | OSt | ||
| 008 | 190515b ||||| |||| 00| 0 eng d | ||
| 020 | _a9789387973336 | ||
| 082 |
_a664 _bPOS/QU |
||
| 100 |
_aPoshadri, A _94030 |
||
| 245 | _aQuestion Bank in Food Science | ||
| 260 |
_aNew Delhi _bNew India Agency _c2019 |
||
| 300 | _a667 p. | ||
| 942 | _cBK | ||